Cough-up medicine (Record no. 68171)

MARC details
000 -LEADER
fixed length control field 01135cam a2200229 4500
001 - CONTROL NUMBER
control field ABS64360
008 - FIXED-LENGTH DATA ELEMENTS--GENERAL INFORMATION
fixed length control field 010905n2001 000 0 eng u
035 ## - SYSTEM CONTROL NUMBER
System control number (Sirsi) u114448
100 ## - MAIN ENTRY--PERSONAL NAME
Personal name Klein, R
245 ## - TITLE STATEMENT
Title Cough-up medicine
260 ## - PUBLICATION, DISTRIBUTION, ETC.
Date of publication, distribution, etc. 2001
490 ## - SERIES STATEMENT
Series statement Building
Volume/sequential designation 266(8198) 17 August 2001, 39(1)
520 ## - SUMMARY, ETC.
Summary, etc. Examines one of the main aims of the Construction Act; ensuring payment. Uses two cases, "Re a company" (no 1299 of 2001) and "Millers Specialist Joinery Co Ltd v Nobles Construction Ltd", to illustrate that where money is owed and no withholding notices issued, the payment should be made as the payee, after the final date, can claim the amount as a clean debt.
590 ## - LOCAL NOTE (RLIN)
Local note ABS
650 ## - SUBJECT ADDED ENTRY--TOPICAL TERM
Topical term or geographic name entry element HOUSING GRANTS, CONSTRUCTION AND REGENERATION ACT 1996
650 ## - SUBJECT ADDED ENTRY--TOPICAL TERM
Topical term or geographic name entry element WITHHOLDING NOTICES
650 ## - SUBJECT ADDED ENTRY--TOPICAL TERM
Topical term or geographic name entry element RE A COMPANY (NO 1299 OF 2001)
650 ## - SUBJECT ADDED ENTRY--TOPICAL TERM
Topical term or geographic name entry element MILLERS SPECIALIST JOINERY LTD V NOBLES CONSTRUCTION LTD
650 ## - SUBJECT ADDED ENTRY--TOPICAL TERM
Topical term or geographic name entry element MANAGEMENT-DISPUTE AVOIDANCE, MANAGEMENT AND RESOLUTION-DISPUTE MANAGEMENT AND RESOLUTION-ALTERNATIVE DISPUTE RESOLUTION-ADJUDICATION
690 ## - LOCAL SUBJECT ADDED ENTRY--TOPICAL TERM (OCLC, RLIN)
Topical term or geographic name as entry element Dispute resolution
9 (RLIN) 6236
942 ## - ADDED ENTRY ELEMENTS (KOHA)
Suppress in OPAC 0
Holdings
Withdrawn status Lost status Source of classification or shelving scheme Damaged status Not for loan Home library Current library Shelving location Date acquired Total Checkouts Full call number Barcode Date last seen Copy number Price effective from Koha item type
    Dewey Decimal Classification     London London Journal article 05/09/2001   ABS64360 114448-1001 06/08/2019 1 06/08/2019 Journal article